000 00419nam a2200181Ia 4500
008 151018s9999 xx 000 0 und d
082 _bRBASDV1661
_a920
100 _aB.H liddel Hard
245 _aFouch vol.2
250 _b-
260 _bPenguin Books
_c1937
300 _a526
600 _aB.H liddel Hard
630 _aFouch vol.2
700 _aB.H liddel Hard
730 _aFouch vol.2
942 _cBOOK
999 _c1004088
_d1004085